LIBRARY & INFORMATION CENTRE, KCAET, TAVANUR

ONLINE PUBLIC ACCESS CATALOGUE (OPAC)

Human anatomy and physiology / (Record no. 10846)

MARC details
000 -LEADER
fixed length control field 00380cam a2200157ua 4500
041 ## - LANGUAGE CODE
Language code of text/sound track or separate title eng
082 ## - DEWEY DECIMAL CLASSIFICATION NUMBER
Classification number 611
Item number TAT/HU
100 ## - MAIN ENTRY--AUTHOR NAME
Personal name Tatarinov, V .
245 ## - TITLE STATEMENT
Title Human anatomy and physiology /
250 ## - EDITION STATEMENT
Edition statement 1 /
260 ## - PUBLICATION, DISTRIBUTION, ETC. (IMPRINT)
Place of publication Moscow :
Name of publisher Mir publishers ,
Year of publication 1966.
300 ## - PHYSICAL DESCRIPTION
Number of Pages 318 ; .
942 ## - ADDED ENTRY ELEMENTS (KOHA)
Koha item type Books
Holdings
Withdrawn status Lost status Damaged status Home library Current library Date acquired Full call number Accession Number Koha item type
      KAUAET KAUAET 07/04/2012 611 TAT/HU 12046 Books
free website counter